000 00305nam a22001217a 4500
003 OSt
005 20230612090231.0
008 220729b xxu||||| |||| 00| 0 eng d
040 _cIIMT UNIVERSITY
100 _aACHRYA SHRI RAM SHARMA
245 _aBHANUBHUTI KA JADUI PITARA MANAV MASTISK
942 _2ddc
_c09
999 _c54233
_d54233